<?xml version="1.0" encoding="UTF-8"?>
<record
    xmlns:xsi="http://www.w3.org/2001/XMLSchema-instance"
    xsi:schemaLocation="http://www.loc.gov/MARC21/slim http://www.loc.gov/standards/marcxml/schema/MARC21slim.xsd"
    xmlns="http://www.loc.gov/MARC21/slim">

  <leader>02930cas a2200577 a 4500</leader>
  <controlfield tag="001">000000957</controlfield>
  <controlfield tag="005">20200929145443.0</controlfield>
  <controlfield tag="008">761112d1967199udcuzx1    wl f    a eng d</controlfield>
  <datafield tag="010" ind1=" " ind2=" ">
    <subfield code="a">   79611725 </subfield>
    <subfield code="z">sc 78001338 </subfield>
  </datafield>
  <datafield tag="022" ind1=" " ind2=" ">
    <subfield code="a">0012-2785</subfield>
  </datafield>
  <datafield tag="035" ind1=" " ind2=" ">
    <subfield code="a">(OCoLC)ocm02554382</subfield>
  </datafield>
  <datafield tag="040" ind1=" " ind2=" ">
    <subfield code="a">DO-SdBNP</subfield>
    <subfield code="c">NSDP</subfield>
    <subfield code="d">DLC</subfield>
    <subfield code="d">NST</subfield>
    <subfield code="d">DLC</subfield>
    <subfield code="d">OCoLC</subfield>
    <subfield code="d">DGPO-S</subfield>
    <subfield code="d">NSDP</subfield>
    <subfield code="d">NST</subfield>
    <subfield code="d">DLC</subfield>
    <subfield code="d">DGPO</subfield>
    <subfield code="d">NST</subfield>
    <subfield code="d">DGPO</subfield>
    <subfield code="d">NST</subfield>
    <subfield code="d">DGPO</subfield>
  </datafield>
  <datafield tag="042" ind1=" " ind2=" ">
    <subfield code="a">nsdp</subfield>
    <subfield code="a">lc</subfield>
  </datafield>
  <datafield tag="043" ind1=" " ind2=" ">
    <subfield code="a">n-us---</subfield>
  </datafield>
  <datafield tag="050" ind1="0" ind2="0">
    <subfield code="a">KF18</subfield>
    <subfield code="b">.L5</subfield>
  </datafield>
  <datafield tag="060" ind1="0" ind2=" ">
    <subfield code="a">Z 6456 D572</subfield>
  </datafield>
  <datafield tag="074" ind1=" " ind2=" ">
    <subfield code="a">0807</subfield>
  </datafield>
  <datafield tag="086" ind1="0" ind2=" ">
    <subfield code="a">LC 14.6:</subfield>
  </datafield>
  <datafield tag="222" ind1=" " ind2="0">
    <subfield code="a">Digest of public general bills and resolutions</subfield>
  </datafield>
  <datafield tag="245" ind1="0" ind2="0">
    <subfield code="a">Digest of public general bills and resolutions.</subfield>
  </datafield>
  <datafield tag="246" ind1="1" ind2="4">
    <subfield code="a">CRS bill digest</subfield>
    <subfield code="f">&lt;1988&gt;-199</subfield>
  </datafield>
  <datafield tag="260" ind1=" " ind2=" ">
    <subfield code="a">Washington, D.C. :</subfield>
    <subfield code="b">Legislative Reference Service, Library of Congress :</subfield>
    <subfield code="b">For sale by the Supt. of Docs., U.S. G.P.O.,.</subfield>
  </datafield>
  <datafield tag="300" ind1=" " ind2=" ">
    <subfield code="a">v. ;</subfield>
    <subfield code="c">26-28 cm.</subfield>
  </datafield>
  <datafield tag="310" ind1=" " ind2=" ">
    <subfield code="a">Normally published during each session of Congress in five or more cumulative issues with bi-weekly supplementation as may be needed and a final issue at the conclusion of each session.</subfield>
  </datafield>
  <datafield tag="362" ind1="1" ind2=" ">
    <subfield code="a">Ceased with final issue for 101st Congress, 2nd session.</subfield>
  </datafield>
  <datafield tag="500" ind1=" " ind2=" ">
    <subfield code="a">Description based on: 90th Congress, 1st session, final issue, published in 1967; title from cover.</subfield>
  </datafield>
  <datafield tag="515" ind1=" " ind2=" ">
    <subfield code="a">Final issues for &lt;100th Congress, 2nd session&gt;-101st Congress issued in 2 or more v.</subfield>
  </datafield>
  <datafield tag="550" ind1=" " ind2=" ">
    <subfield code="a">Vols. for 90th-91st Congress published by: Library of Congress, Legislative Reference Service; 92nd Congress-101st Congress by: Library of Congress, Congressional Research Service.</subfield>
  </datafield>
  <datafield tag="590" ind1=" " ind2=" ">
    <subfield code="a">SERBIB/SERLOC merged record</subfield>
  </datafield>
  <datafield tag="650" ind1=" " ind2="0">
    <subfield code="a">Bills, legislative</subfield>
    <subfield code="z">United States</subfield>
    <subfield code="x">Digests.</subfield>
    <subfield code="9">3369</subfield>
  </datafield>
  <datafield tag="710" ind1="2" ind2="0">
    <subfield code="a">Library of Congress.</subfield>
    <subfield code="b">Legislative Reference Service.</subfield>
    <subfield code="9">3370</subfield>
  </datafield>
  <datafield tag="710" ind1="2" ind2="0">
    <subfield code="a">Library of Congress.</subfield>
    <subfield code="b">Congressional Research Service.</subfield>
    <subfield code="9">3371</subfield>
  </datafield>
  <datafield tag="780" ind1="0" ind2="0">
    <subfield code="t">Digest of public general bills and selected resolutions with index</subfield>
    <subfield code="x">0090-0125</subfield>
    <subfield code="w">(DLC) 36026093</subfield>
    <subfield code="w">(OCoLC)5342016</subfield>
  </datafield>
  <datafield tag="890" ind1=" " ind2=" ">
    <subfield code="a">United States. Library of Congress. Congressional Research Service. Digest of public general bills and resolutions.</subfield>
    <subfield code="i">79-611725//r853</subfield>
  </datafield>
  <datafield tag="910" ind1=" " ind2=" ">
    <subfield code="a">DC</subfield>
  </datafield>
  <datafield tag="910" ind1=" " ind2=" ">
    <subfield code="a">Catalogaci&#xF3;n por copia/lc</subfield>
  </datafield>
  <datafield tag="082" ind1=" " ind2=" ">
    <subfield code="a">348/.73/1</subfield>
  </datafield>
  <datafield tag="906" ind1=" " ind2=" ">
    <subfield code="a">7</subfield>
    <subfield code="b">cbc</subfield>
    <subfield code="c">serials</subfield>
    <subfield code="d">u</subfield>
    <subfield code="e">ncip</subfield>
    <subfield code="f">19</subfield>
    <subfield code="g">n-oclcserc</subfield>
  </datafield>
  <datafield tag="012" ind1=" " ind2=" ">
    <subfield code="a">-3-7-9501250726-p-----0</subfield>
  </datafield>
  <datafield tag="920" ind1=" " ind2=" ">
    <subfield code="a">Keep 5</subfield>
  </datafield>
  <datafield tag="936" ind1=" " ind2=" ">
    <subfield code="a">101st Congress, 1st session, final issue LIC</subfield>
  </datafield>
  <datafield tag="952" ind1=" " ind2=" ">
    <subfield code="0">0</subfield>
    <subfield code="1">0</subfield>
    <subfield code="5">2</subfield>
    <subfield code="7">5</subfield>
    <subfield code="8">DS</subfield>
    <subfield code="a">BNPHU</subfield>
    <subfield code="b">BNPHU</subfield>
    <subfield code="c">HD</subfield>
    <subfield code="d">2009-09-04</subfield>
    <subfield code="i">LF1</subfield>
    <subfield code="l">0</subfield>
    <subfield code="o">348/.73/1 </subfield>
    <subfield code="p">957-10</subfield>
    <subfield code="r">2020-06-25</subfield>
    <subfield code="w">2020-06-25</subfield>
    <subfield code="y">LF1</subfield>
    <subfield code="Z">Pr&#xE9;stamo interno</subfield>
  </datafield>
  <datafield tag="991" ind1=" " ind2=" ">
    <subfield code="b">c-LL</subfield>
    <subfield code="h">KF18</subfield>
    <subfield code="i">.L5</subfield>
    <subfield code="w">SERIALS</subfield>
  </datafield>
  <datafield tag="991" ind1=" " ind2=" ">
    <subfield code="b">c-LL</subfield>
    <subfield code="h">KF18</subfield>
    <subfield code="i">.L5</subfield>
    <subfield code="p">00022581788</subfield>
    <subfield code="t">Copy 4</subfield>
    <subfield code="v">4 1949 * 8888</subfield>
    <subfield code="w">CCF</subfield>
  </datafield>
  <datafield tag="991" ind1=" " ind2=" ">
    <subfield code="b">c-LL</subfield>
    <subfield code="h">KF18</subfield>
    <subfield code="i">.L5</subfield>
    <subfield code="p">0001136021A</subfield>
    <subfield code="t">Copy 1</subfield>
    <subfield code="v">1965-66 * 8888</subfield>
    <subfield code="w">CCF</subfield>
  </datafield>
  <datafield tag="991" ind1=" " ind2=" ">
    <subfield code="b">c-LL</subfield>
    <subfield code="h">KF18</subfield>
    <subfield code="i">.L5</subfield>
    <subfield code="p">00011360208</subfield>
    <subfield code="t">Copy 2</subfield>
    <subfield code="v">1966 * 8888</subfield>
    <subfield code="w">CCF</subfield>
  </datafield>
  <datafield tag="991" ind1=" " ind2=" ">
    <subfield code="b">c-LL</subfield>
    <subfield code="h">KF18</subfield>
    <subfield code="i">.L5</subfield>
    <subfield code="p">00017279257</subfield>
    <subfield code="t">Copy 2</subfield>
    <subfield code="v">1 * 8888</subfield>
    <subfield code="w">CCF</subfield>
  </datafield>
  <datafield tag="991" ind1=" " ind2=" ">
    <subfield code="b">c-LL</subfield>
    <subfield code="h">KF18</subfield>
    <subfield code="i">.L5</subfield>
    <subfield code="p">00017279245</subfield>
    <subfield code="t">Copy 2</subfield>
    <subfield code="v">2 * 8888</subfield>
    <subfield code="w">CCF</subfield>
  </datafield>
  <datafield tag="991" ind1=" " ind2=" ">
    <subfield code="b">r-N&amp;CPR</subfield>
    <subfield code="h">KF18</subfield>
    <subfield code="i">.L5</subfield>
    <subfield code="t">Copy 999</subfield>
    <subfield code="w">GenBib bi 92-005289</subfield>
  </datafield>
  <datafield tag="992" ind1=" " ind2=" ">
    <subfield code="b">call x7-5305</subfield>
    <subfield code="w">SERLOC</subfield>
  </datafield>
  <datafield tag="999" ind1=" " ind2=" ">
    <subfield code="c">946</subfield>
    <subfield code="d">946</subfield>
  </datafield>
</record>
